000 00296nam a22001337a 4500
020 _a978-0-19-442096-9
082 _a425
_bSWA/P
100 _aSWAN,MICHAEL
245 _aPRACTICAL ENGLISH USAGE
260 _aNEW YORK
_bOXFORD
300 _a653
650 _aENGLISH USAGE
_zNEW YORK
942 _cBK
999 _c3867
_d3867